000 00354nam a2200145Ia 4500
008 150201s2003 xx 000 0 und d
082 _a610.07
_bA2003N
100 _aNANCY,SISTER
245 2 _aA REFERENCE MANUAL FOR NURSES
250 _a3RD
260 _bKUMAR PUBLISHING HOUSE
_aDELHI
_c2003
300 _a1-250
650 _aNURSING
942 _2ddc
_cBK
999 _c3998
_d3998